000 00688nam a2200253Ia 4500
001 19278
005 20240113235923.0
007 ta
008 060206s2000 g b000 u 465 u
040 _aCotton College,Assam
041 _a465
082 _a820.109
_bCh 46 Po
100 _aChrisman, Laura .
245 0 _aPostcolonial Theory and Criticism /
_cLaura Chrisman and Benita Parry.
_hTextual Documents
250 _a1st ed. /
260 _aSuffolk (UK) :
_bD.S. Brewer ,
_c2000.
300 _a154p. ;
_c22cm.
653 _aEnglish Literature
653 _aG-English
700 _aParry, Benita .
942 _2ddc
_cBK
999 _c19260
_d19260